[Event "DVM U20w 2009"]
[Site "Chemnitz GER"]
[Date "2009.12.29"]
[Round "6"]
[White "Steinmann, Anna"]
[Black "Hartmann, Elisa"]
[Result "0-1"]
[Termination "normal"]
[Board "7.2"]
[WhiteElo "1123"]
[BlackElo "1732"]
[WhiteTeam "SC Vaterstetten"]
[BlackTeam "SV Gryps"]
[PlyCount "70"]
[BlackFideId "4616235"]
[EventCountry "GER"]
[EventRounds "7"]
[EventType "team-swiss"]
[EventDate "2009.12.26"]

1. e4 e5 2. Nf3 Nc6 3. Bc4 Nf6 4. Nc3 Nxe4 5. Nxe4 d5 6. Bb5 dxe4 7. Nxe5 Qg5
8. Nxc6 Qxb5 9. Nd4 Qg5 10. g3 Bg4 11. f3 exf3 12. Nxf3 Qe7+ 13. Kf2 O-O-O 14.
d3 Re8 15. Bf4 Qf6 16. h3 Bc5+ 17. d4 Bxf3 18. Kxf3 Qxd4 19. Qxd4 Bxd4 20. c3
Bb6 21. Rad1 Re7 22. Rd3 Rd8 23. Rhd1 Red7 24. Rxd7 Rxd7 25. Rxd7 Kxd7 26. Ke4
Ke6 27. a4 f5+ 28. Kd3 c6 29. Kc4 Bf2 30. Kb4 Kd5 31. Bb8 g5 32. c4+ Ke4 33. c5
Be1+ 34. Kc4 a5 35. Bc7 f4 0-1